Management and Cost Accounting (Record no. 6304)

MARC details
000 -LEADER
fixed length control field 00550nam a22002057a 4500
003 - CONTROL NUMBER IDENTIFIER
control field OSt
005 - DATE AND TIME OF LATEST TRANSACTION
control field 20191205142548.0
008 - FIXED-LENGTH DATA ELEMENTS--GENERAL INFORMATION
fixed length control field 190905b ||||| |||| 00| 0 eng d
020 ## - INTERNATIONAL STANDARD BOOK NUMBER
International Standard Book Number 978-1844805662
040 ## - CATALOGING SOURCE
Transcribing agency DDC
082 ## - DEWEY DECIMAL CLASSIFICATION NUMBER
Classification number 657.42 DRU 2007
100 ## - MAIN ENTRY--PERSONAL NAME
Personal name Drury, Colin.
9 (RLIN) 4544
245 ## - TITLE STATEMENT
Title Management and Cost Accounting
250 ## - EDITION STATEMENT
Edition statement 7th ed.
260 ## - PUBLICATION, DISTRIBUTION, ETC. (IMPRINT)
Place of publication, distribution, etc. Australia;
Name of publisher, distributor, etc. South-Western,
Date of publication, distribution, etc. 2007
300 ## - PHYSICAL DESCRIPTION
Extent xxiv,476p;
Other physical details col.ill:
Dimensions 26cm
504 ## - BIBLIOGRAPHY, ETC. NOTE
Bibliography, etc Bibliography, Answers, & index included
650 ## - SUBJECT ADDED ENTRY--TOPICAL TERM
Source of heading or term Cost accounting
942 ## - ADDED ENTRY ELEMENTS (KOHA)
Source of classification or shelving scheme Other/Generic Classification Scheme
Koha item type Book
Holdings
Withdrawn status Lost status Source of classification or shelving scheme Damaged status Not for loan Home library Current library Date acquired Source of acquisition Inventory number Total Checkouts Full call number Barcode Date last seen Date last checked out Koha item type
    Dewey Decimal Classification     MUST Main Library MUST Main Library 05/09/2019 Purchase 13/37153 1 657.42 DRU 2011 2019-0400 27/09/2019 05/09/2019 Open Shelf